000 00875cam a22002531 4500
001 6404628
005 20160216082629.0
008 770429s1929 nyubf 000 0 eng
010 _a 30005545
035 _a(OCoLC)2927775
040 _aDLC
_cODa
_dOCoLC
_dDLC
041 1 _aeng
_hhun
042 _apremarc
050 0 0 _aSK255.E27
_bK57 1929
100 1 _aKittenberger, Kálmán.
_921774
245 1 0 _aBig game hunting and collecting in East Africa, 1903-1926,
_cby Kálmán Kittenberger ...
260 _aLondon,
_bE. Arnold & Co.,
_c1929.
300 _axix, 348 p.
_bfront., plates, fold. map.
_c25 cm.
500 _a"Translated from Hungarian."
650 0 _aBig game hunting
_zAfrica, East.
_xHistory
_921775
650 0 _aWild animal collecting
_zAfrica, East
_xHistory
_921776
906 _a7
_bcbc
_coclcrpl
_du
_encip
_f19
_gy-gencatlg
942 _2lcc
_cMONOGRAPH
999 _c124028
_d124028